Stadtverkehr Fachzeitschrift für den öffentlichen Personen-Nahverkehr

Zaujímavosti z celého sveta primárne zamerané na európsku verejnú a železničnú dopravu. Pokrýva celé spektrum železničnej a cestnej dopravy v rámci verejnej dopravy vrátane nových foriem mobility.

Saved in:
Bibliographic Details
Format: Serial
Language:German
Published: Freiburg EK Medien
Subjects:
Tags: Add Tag
No Tags, Be the first to tag this record!

MARC

LEADER 00000nas1a2200000 4500
001 0312608
005 20251006145306.1
022 |a 0038-9013 
041 0 |a ger 
044 |a DE 
245 1 0 |a Stadtverkehr  |b Fachzeitschrift für den öffentlichen Personen-Nahverkehr 
264 1 |a Freiburg  |b EK Medien 
520 |a Zaujímavosti z celého sveta primárne zamerané na európsku verejnú a železničnú dopravu. Pokrýva celé spektrum železničnej a cestnej dopravy v rámci verejnej dopravy vrátane nových foriem mobility. 
610 2 0 |a doprava 
610 2 0 |a doprava verejná 
610 2 0 |a železnice 
610 2 0 |a ruch cestovný 
610 2 0 |a Európa